Time is of the essence (Record no. 68984)

MARC details
000 -LEADER
fixed length control field 01516cam a2200289 4500
001 - CONTROL NUMBER
control field ABS64750
008 - FIXED-LENGTH DATA ELEMENTS--GENERAL INFORMATION
fixed length control field 011203n2001 000 0 eng u
035 ## - SYSTEM CONTROL NUMBER
System control number (Sirsi) u115813
100 ## - MAIN ENTRY--PERSONAL NAME
Personal name Frame, S.
245 ## - TITLE STATEMENT
Title Time is of the essence
260 ## - PUBLICATION, DISTRIBUTION, ETC.
Date of publication, distribution, etc. 2001
490 ## - SERIES STATEMENT
Series statement Building Trade and Industry
Volume/sequential designation 17(10) October 2001, 10(1)
520 ## - SUMMARY, ETC.
Summary, etc. Highlights how the application of Liquidated and Ascertained Damages (LADs) continues to be the root cause of many disputes in the construction industry. LAD provisions are usually contained in standard form and bespoke building contracts and the sum agreed upon is to be deducted from the cost of the contract by the employer if the contractor runs over schedule. The article illustrates that deducting money from a contractor for running over time limits is not as straightforward as it sounds. Problems that can arise, range from there must be a 'readily asccertainable' completion date from which LADs can run, to following procedural requirements which are found in most contracts for the application of LADs.
590 ## - LOCAL NOTE (RLIN)
Local note ABS
650 ## - SUBJECT ADDED ENTRY--TOPICAL TERM
Topical term or geographic name entry element TIME LIMITS
650 ## - SUBJECT ADDED ENTRY--TOPICAL TERM
Topical term or geographic name entry element LIQUIDATED DAMAGES
650 ## - SUBJECT ADDED ENTRY--TOPICAL TERM
Topical term or geographic name entry element ASCERTAINED DAMAGES
650 ## - SUBJECT ADDED ENTRY--TOPICAL TERM
Topical term or geographic name entry element CONSTRUCTION INDUSTRY
650 ## - SUBJECT ADDED ENTRY--TOPICAL TERM
Topical term or geographic name entry element DISPUTES
650 ## - SUBJECT ADDED ENTRY--TOPICAL TERM
Topical term or geographic name entry element BUILT ENVIRONMENT-BUILDING CONTRACT FORMS
650 ## - SUBJECT ADDED ENTRY--TOPICAL TERM
Topical term or geographic name entry element CONTRACTORS
650 ## - SUBJECT ADDED ENTRY--TOPICAL TERM
Topical term or geographic name entry element EMPLOYERS
650 ## - SUBJECT ADDED ENTRY--TOPICAL TERM
Topical term or geographic name entry element HOUSING GRANTS CONSTRUCTION AND REGENERATION ACT 1996
650 ## - SUBJECT ADDED ENTRY--TOPICAL TERM
Topical term or geographic name entry element PENALTIES
690 ## - LOCAL SUBJECT ADDED ENTRY--TOPICAL TERM (OCLC, RLIN)
Topical term or geographic name as entry element BUILT ENVIRONMENT-BUILDING CONTRACT FORMS
942 ## - ADDED ENTRY ELEMENTS (KOHA)
Suppress in OPAC 0
Holdings
Withdrawn status Lost status Source of classification or shelving scheme Damaged status Not for loan Home library Current library Shelving location Date acquired Total Checkouts Full call number Barcode Date last seen Copy number Price effective from Koha item type
    Dewey Decimal Classification     London London Journal article 03/12/2001   ABS64750 115813-1001 06/08/2019 1 06/08/2019 Journal article